| 000 | 00741nam a2200241 i 4500 | ||
|---|---|---|---|
| 001 | 14646 | ||
| 003 | ES-MaACL | ||
| 005 | 20250514194820.0 | ||
| 007 | t| | ||
| 008 | 990520s1998 sp ||||1| spa d | ||
| 020 | _a84-8310-598-5 | ||
| 080 | _a821.134.2-14"19" | ||
| 100 | 1 |
_aBousoño, Carlos, _d1923-2015 _931032 |
|
| 245 | 1 | 0 |
_aPrimavera de la muerte _b: poesías completas (1945-1998) / _cCarlos Bousoño. |
| 250 | _a1ª ed. | ||
| 260 |
_aBarcelona : _bTusquets, _c1998. |
||
| 300 |
_a856 p. ; _c22 cm. |
||
| 490 | 1 |
_aMarginales ; _v169. _aNuevos textos sagrados |
|
| 830 | 0 | 0 |
_aMarginales. _pNuevos textos sagrados ; _v169 _9236111 |
| 852 |
_aES-MaACL _jL-21936 _bR.127305 |
||
| 942 | _2udc | ||
| 999 |
_c14646 _d14646 |
||